British Antique Furniture Restorers Association (Record no. 120258)

MARC details
000 -LEADER
fixed length control field 00787cam a2200205 4500
001 - CONTROL NUMBER
control field WS121975
008 - FIXED-LENGTH DATA ELEMENTS--GENERAL INFORMATION
fixed length control field 030414n 000 0 eng u
035 ## - SYSTEM CONTROL NUMBER
System control number (Sirsi) u121975
110 ## - MAIN ENTRY--CORPORATE NAME
Corporate name or jurisdiction name as entry element British Antique Furniture Restorers Association
9 (RLIN) 4430
245 ## - TITLE STATEMENT
Title British Antique Furniture Restorers Association
520 ## - SUMMARY, ETC.
Summary, etc. Web site for this trade association for craftsmen and women in the field of furniture conservation and restoration. Includes a list of members by county, details of events and articles.
650 ## - SUBJECT ADDED ENTRY--TOPICAL TERM
Topical term or geographic name entry element ORGANISATION
650 ## - SUBJECT ADDED ENTRY--TOPICAL TERM
Topical term or geographic name entry element FURNITURE
650 ## - SUBJECT ADDED ENTRY--TOPICAL TERM
Topical term or geographic name entry element CONSERVATION
650 ## - SUBJECT ADDED ENTRY--TOPICAL TERM
Topical term or geographic name entry element RESTORATION
650 ## - SUBJECT ADDED ENTRY--TOPICAL TERM
Topical term or geographic name entry element UPHOLSTERY
690 ## - LOCAL SUBJECT ADDED ENTRY--TOPICAL TERM (OCLC, RLIN)
Topical term or geographic name as entry element ANTIQUES AND FINE ART
856 40 - ELECTRONIC LOCATION AND ACCESS
Uniform Resource Identifier <a href="https://www.bafra.org.uk">https://www.bafra.org.uk</a>
Public note View the website free of charge at www.bafra.org.uk...
942 ## - ADDED ENTRY ELEMENTS (KOHA)
Suppress in OPAC 0
Holdings
Withdrawn status Lost status Source of classification or shelving scheme Damaged status Not for loan Home library Current library Shelving location Date acquired Total Checkouts Full call number Barcode Date last seen Copy number Price effective from Koha item type
    Dewey Decimal Classification     Virtual Virtual Online 14/04/2003   WEB SITE 121975-1001 06/08/2019 1 06/08/2019 Online material